Visualizzazione normale
Vista MARC
- U2
di Personal Name
Records bibliografici associati: 6
001 - CONTROL NUMBER
- control field: 17557
003 - CONTROL NUMBER IDENTIFIER
- control field: IT-RoPau
005 - DATE AND TIME OF LATEST TRANSACTION
- control field: 20140327223534.0
008 - FIXED-LENGTH DATA ELEMENTS
- fixed length control field: 140327|| aca||aabn | a|a d
040 ## - CATALOGING SOURCE
- Original cataloging agency: IT-RoPau
- Transcribing agency: IT-RoPau
100 ## - HEADING--PERSONAL NAME
- Personal name: U2
670 ## - SOURCE DATA FOUND
- Source citation: Work cat.: (IT-RoPau)102168: U2 , Under A Blood Red Sky